| 000 | 02001nma a22002537a 4500 | ||
|---|---|---|---|
| 005 | 20210325194811.0 | ||
| 006 | g q || | ||
| 008 | s2547 th tha d | ||
| 041 | _atha | ||
| 090 | _aCD677 | ||
| 110 | 0 | _aมหาวิทยาลัยมหิดล | |
| 245 | 1 | 0 | _aการสัมมนาความร่วมมือระหว่างห้องสมุดสถาบันอุดมศึกษา ครั้งที่ 22 เทคโนโลยีสารสนเทศ นวัตกรรม และความท้าทายของห้องสมุดในศตวรรษที่ 21 [CD-ROM] |
| 260 | 3 |
_aนครปฐม : _bมหาวิทยาลัยมหิดล, _c2547 |
|
| 300 | _a1 แผ่นsd., col. | ||
| 610 | _aมหาวิทยาลัยมหิดล | ||
| 650 | 0 | 4 | _aความร่วมมือระหว่างห้องสมุด -- เทคโนโลยีสารสนเทศ -- การสัมมนา |
| 650 | 0 | 4 | _aความร่วมมือระหว่างห้องสมุด -- การสัมมนา |
| 650 | 0 | 4 | _aห้องสมุดสถาบันอุดมศึกษา -- ความร่วมมือระหว่างห้องสมุด -- การสัมมนา |
| 650 | 0 | 4 | _aห้องสมุดสถาบันอุดมศึกษา -- ความร่วมมือระหว่างห้องสมุด -- การสัมมนาความร่วมมือระหว่างห้องสมุด -- การสัมมนาความร่วมมือระหว่างห้องสมุด -- เทคโนโลยีสารสนเทศ -- การสัมมนา |
| 850 | _aNALT | ||
| 942 | _cCD | ||
| 997 |
_c000000000045310 _kVC |
||
| 998 | _aน.ส.อรอุษา โอภาสมงคลชัย | ||
| 999 |
_c45310 _d45310 |
||